000 00597nam a2200241Ia 4500
003 OSt
005 20221006160800.0
006 a|||||r|||| 00| 0
007 ta
008 221006b |||||||| |||| 00| 0 eng d
020 _a9788976999726
_cW13,000
024 _a46,338
037 _cTextual
040 _aEASL
_cEASL
_beng
041 _2eng
_aeng
082 _aP495,9, Q4.1
245 0 _aGET IT Korean writing
260 _aSeoul
_bHawoo Publishing
_c2014
300 _a157p.
_ccm.
490 _v1 KL
942 _hP495,9, Q4.1
_cTEXL
_2CC
999 _c1114430
_d1114430